MDQL
is popping MORE tags! Check the
thread
!
Quizzes
Events
Quiz Creation
Community
Videos
Private Events
Remove Ads
Sign In
Join for FREE
Feedback
Dark Mode
Quiz Categories
Sports
Geography
Music
Movies
Television
Just For Fun
Miscellaneous
History
Literature
Language
Science
Gaming
Entertainment
Religion
Holiday
For Kids
Quiz Lab
Recent
Popular Today
Quiz Kudos Today
Editor Picks
Curator Picks
Quizzes by...
Day
Popularity
Type
Ratings
Length
Year
Community
Subscriptions
Recent Discussions
Orange Saloon
Badges
Playlists
Quests
Create
Leaderboards
Showdown
Live 5
Trivia Bingo
Activity
Puzzle Library
Sporcle Events
Private Events
Virtual Trivia
Globe League
Become a Host
Pub Owners
SporcleCon
Opinionation
Our Games
Videos
Blog
Mobile Apps
Partnerships
Remove Ads and Go Orange
Feedback
History
US Presidents
World Leaders
Politics
Nation
Discovery
War
Decade
Year
Century
Biography
Art
History
US Presidents
World Leaders
Politics
Nation
Discovery
War
Decade
Year
Century
Biography
Art
Random Quiz
Search Sporcle
×
Quiz Lab
Quiz Lab
History
City
Type in answers that appear in a list
Type in answers that appear in a list
Classic
Best Score? Go Orange.
2012 Presidential National Conventions Stats
Can you name the cities that hosted a national convention in for 2012 presidential election ?
By
Extinctanimals22
2m
7 Questions
84 Plays
84 Plays
84 Plays
Comments
Comments
Give Quiz Kudos
Give Quiz Kudos
-
- Ratings
hide this ad
Replay
Link that replays current quiz
Next Quiz
Link to next quiz in quiz playlist
You Got
0%
They Got
Avg Score
52%
Avg Friend Score
Upgrade to see
Score Distribution
Jump to the score distribution portion of the page
Score
0/7
Timer
02:00
0
Plays Today
Date; Party
City
% Correct
August 27-
30, 2012 Republican Party
Tampa, Florida
91.7%
September 4-
6, 2012 Democratic Party
Charlotte, North Carolina
84.5%
October 14-
16, 2011; Socialist Party
Los Angeles, California
54.8%
May 3-
6, 2012; Libertarian Party
Las Vegas, Nevada
42.9%
August 10-
12, 2012; Reform Party
Philadelphia, Pennsylvania
35.7%
July 13-
15, 2012; Green Party
Baltimore, Maryland
33.3%
April 18-
21, 2012; Constitution Party
Nashville, Tennessee
27.4%
Quiz Playlist
Details
Report
Send in Message
Add To Playlist
Classic:
Type in answers that appear in a list
Last Updated: Feb 16, 2017
Quiz Scoreboard
CHALLENGE
Sign Up to Join the Scoreboard
Show All
Scores
Hide
Comments
May contain spoilers
Recently Published
Find the 'City' Movie
by crazypaving
Movies
60s
5x2 Blitz: Bands
by SL_Kpop136
Music
30s
Colored Red Africa Blitz
by spor1
Geography
30s
More to Explore
Quiz From the Vault
Featured Blog Post
14 Easter Pick-up Lines to Find Eggs With
hide this ad
You Might Also Like...
Tags
City Quiz
2012
Convention
date
election
host
national
Party
Today's Top Quizzes in History
Browse History
hide this ad
Today's Top Quizzes in City
Browse City
Top Contributed Quizzes in History
1
Popular People in 1991
2
US National Parks Named After People
3
Popular People in 1951
4
Popular People in 1941
5
Order Up: 1000 Years of World Events I
6
I Am Born On March 29th
7
Popular People in 1921
8
Popular People in 1981
9
Popular People in 1986
10
Popular People in 1976
Explore More
Trending Topics
Disney
Marvel
Kpop
Anime
Crossword
NBA
Harry Potter
Song
Country
Pokémon
NFL
Soccer
Puzzle
The Office
WWE
hide this ad
More By:
Extinctanimals22
Quiz
Plays
Rating
Category
Featured
Created
100 Tiny Animals
88,856
3.78
Science
Jun 21, 2012
'Heroes of Olympus' Seven Demigods
47,545
4.10
Literature
Dec 26, 2012
Disney Character by Superpower
40,666
4.39
Movies
Jan 7, 2022
Animated Superhero Teams
38,441
4.33
Entertainment
Feb 22, 2016
Talking Animals of Narnia
37,409
4.68
Literature
Jan 31, 2013
Go to Creator's Profile
Score Distribution
Quiz Creator Spotlight
Extinctanimals22
Follow
Send a Message
Quizzes Created
-
Created Quiz Play Count
-
More By This Creator
Popular Quizzes Today
1
Colored Red Africa Blitz
2
Find the 'City' Movie
3
Find the US States - No Outlines Minefield
4
5x2 Blitz: Bands
5
The Countries of the World
6
Find the US States
7
Find the Countries of Europe - No Outlines Minefield
8
US States
More History Quizzes
On This Day: September 29th
Published
Trending Quizzes
Colored Red Europe Blitz I
Colored Red Europe Blitz II
Colored Red Africa Blitz II
Colored Red Europe Blitz III
Colored Red Africa Blitz III
Recently Updated
How Do You Spell That?
pecheneg
Godzilla Movies
pecheneg
Grab Bag: 4-10 Letters
pecheneg
2024 March Madness Bracket
pecheneg
Famous TV Couples
Peacemaker
Champions League XIs: Real Madrid
pecheneg
Largest US Cities 1790-2010
pecheneg
Rides in Walt Disney World
pecheneg
Most Oscar Losses (Acting)
pecheneg
Beyoncé Albums
pecheneg
Trending Topics
NBA
Crossword
Anime
Harry Potter
Kpop
Marvel
Disney
WWE
Song
The Office
Puzzle
Country
Pokémon
Soccer
NFL
Your Account Isn't Verified!
In order to create a playlist on Sporcle, you need to verify the email address you used during registration. Go to your
Sporcle Settings
to finish the process.
Report this User
Report this user for behavior that violates our
Community Guidelines
.
Details:
Send Report
Go to the Sporcle.com Mobile Site →
Comments